| 000 | 00344nam a2200109Ia 4500 | ||
|---|---|---|---|
| 008 | 220204s9999 xx 000 0 und d | ||
| 082 |
_a576.2:576.3 _bBAU |
||
| 100 | _aBaur, Rolf | ||
| 245 | 0 | _aAdvances in anatomy, embryology and cell biology: Morphometry of the placental exchange area | |
| 260 |
_aNew York _bSpringer Verlag _c1977 |
||
| 942 | _cBK | ||
| 999 |
_c27151 _d27151 |
||